000 00642cam a22001934a 4500
020 _a9780821395431
020 _a9780821395448 (electronic)
040 _cIEN
082 0 4 _a338 WOR 2012 A078 Or.
245 0 0 _aAfrican agricultural reforms :
_bthe role of consensus and institutions /
260 _aWashington, D.C. :
_bWorld Bank,
_c2012.
300 _axix, 313 p. :
_bill. ;
_cc 23 cm.
650 0 _aAgriculture and state
650 0 _aAgricultural productivity
650 0 _aAgricultural development projects
700 1 _aAksoy, M. Ataman,
856 4 2 _uhttp://www.loc.gov/catdir/enhancements/fy1210/2012014393-d.html
942 _cEK
999 _c15463
_d15463